000 00994nam a2200253 i 4500
001 8360
003 KOSZ 005
005 20220502113231.0
008 070620s1969 pl a g 001 0 pol
015 _aPB 1969/5409
040 _aWA N
_cKOSZ 005/RW
_dKOSZ 005/RW
080 _a943.8+323(438)+338.98(438)
245 0 0 _aZiemia złotowska :
_bpraca zbiorowa /
_cpod red. Wojciech Wrzesińskiego.
260 _aGdańsk :
_bWydawnictwo Morskie,
_c1969.
300 _a305, [3] s., 22 k. tabl. :
_bil., mapy, err. ;
_c23 cm.
380 _aKsiążki.
504 _aBibliogr. s. 286-[292]. Indeks.
536 _aWyd. staraniem Koszalińskiego Towarzystwa Społeczno-Kulturalego.
651 4 _aZłotów (woj. wielkopolskie ; okolice)
710 2 _aWydawnictwo Morskie (Gdańsk)
_4pbl.
700 1 _aWrzesiński, Wojciech
_d(1934-2013)
_eRedakcja
856 _uhttp://koha.tu.koszalin.pl/cgi-bin/koha/opac-detail.pl?biblionumber=8360
_yKatalog online BPK
942 _2UKD
_cKS
999 _c8360
_d8360